Les perspectives de financement extérieur et le rôle de l'assistance aux pays d'Europe centrale et orientale.
Situácia v krajinách PECO-5. Ich zadlženosť. Krátkodobé financovanie zo zahraničia. Perspektívy domáceho prechodného úspešného sporenia. Potenciálna miera tvorby kapitálu. Potenciálny efekt na medzinárodných finančných trhoch. Úloha finančnej zahraničnej pomoci. (OCDE, Département des affaires écono...
Guardado en:
| Formato: | Capítulo de libro |
|---|---|
| Lenguaje: | francés |
| Materias: | |
| Etiquetas: |
Sin Etiquetas, Sea el primero en etiquetar este registro!
|
MARC
| LEADER | 00000naa a2200000 4500 | ||
|---|---|---|---|
| 001 | r008599 | ||
| 005 | 20220913125059.2 | ||
| 041 | 0 | |a fre | |
| 044 | |a FR | ||
| 245 | 1 | 0 | |a Les perspectives de financement extérieur et le rôle de l'assistance aux pays d'Europe centrale et orientale. |
| 520 | |a Situácia v krajinách PECO-5. Ich zadlženosť. Krátkodobé financovanie zo zahraničia. Perspektívy domáceho prechodného úspešného sporenia. Potenciálna miera tvorby kapitálu. Potenciálny efekt na medzinárodných finančných trhoch. Úloha finančnej zahraničnej pomoci. (OCDE, Département des affaires économiques et statistiques 1992). | ||
| 610 | 2 | 0 | |a zadlženosť zahraničná |
| 610 | 2 | 0 | |a financovanie |
| 610 | 2 | 0 | |a pomoc medzinárodná |
| 610 | 2 | 0 | |a sporenie obyvateľstva |
| 610 | 2 | 0 | |a trh finančný |
| 610 | 2 | 0 | |a stredná Európa |
| 610 | 2 | 0 | |a východná Európa |